000 00300nam a2200121Ia 4500
008 231120s2015 xx 000 0 und d
041 _aeng
082 _a757
100 _aTRICIA REICHERT
245 _aART ANSWERS: PORTRAIT PAINTING
260 _aSEARCH PRESS
_bSEARCH PRESS
_c2015
300 _aP-224
999 _c933422
_d933422